Review of medical microbiology & immunology : (Record no. 293)

000 -LEADER
fixed length control field 05510nam a22005777a 4500
001 - CONTROL NUMBER
control field 1147877120
003 - CONTROL NUMBER IDENTIFIER
control field OCoLC
005 - DATE AND TIME OF LATEST TRANSACTION
control field 20210419072454.0
006 - FIXED-LENGTH DATA ELEMENTS--ADDITIONAL MATERIAL CHARACTERISTICS
fixed length control field m o d
007 - PHYSICAL DESCRIPTION FIXED FIELD--GENERAL INFORMATION
fixed length control field cr |||||||||||
008 - FIXED-LENGTH DATA ELEMENTS--GENERAL INFORMATION
fixed length control field 200331s2020 nyua o 000 0 eng d
020 ## - INTERNATIONAL STANDARD BOOK NUMBER
Qualifying information paperback
International Standard Book Number 9781260116717
020 ## - INTERNATIONAL STANDARD BOOK NUMBER
Canceled/invalid ISBN 1260116719
Qualifying information paperback
035 ## - SYSTEM CONTROL NUMBER
System control number (OCoLC)1147877120
040 ## - CATALOGING SOURCE
Original cataloging agency MPA
Language of cataloging eng
Description conventions rda
-- pn
Transcribing agency MPA
Modifying agency MPA
-- INM
-- MMU
-- YYE
049 ## - LOCAL HOLDINGS (OCLC)
Holding library YYEA
-- VZYM
080 ## - UNIVERSAL DECIMAL CLASSIFICATION NUMBER
Universal Decimal Classification number 616-093
Item number L-62
096 ## - LOCALLY ASSIGNED NLM-TYPE CALL NUMBER (OCLC)
Classification number QW 18.2 L665r 2020
100 ## - MAIN ENTRY--PERSONAL NAME
9 (RLIN) 178
Personal name Levinson,warren
245 00 - TITLE STATEMENT
Title Review of medical microbiology & immunology :
Remainder of title a guide to clinical infectious diseases /
Statement of responsibility, etc. Warren Levinson, Peter Chin-Hong, Elizabeth A. Joyce, Jesse Nussbaum, Brian Schwartz.
246 3# - VARYING FORM OF TITLE
Title proper/short title Review of medical microbiology and immunology.
246 3# - VARYING FORM OF TITLE
Title proper/short title Medical microbiology and immunology.
250 ## - EDITION STATEMENT
Edition statement 16th ed.
260 ## - PUBLICATION, DISTRIBUTION, ETC.
Place of publication, distribution, etc. New York :
Name of publisher, distributor, etc. McGraw-Hill Education,
Date of publication, distribution, etc. [2020]
300 ## - PHYSICAL DESCRIPTION
Extent 1 online resource :846
Other physical details illustrations (chiefly color)
490 0# - SERIES STATEMENT
Series statement Lange medical book,
International Standard Serial Number 1042-8070.
500 ## - GENERAL NOTE
General note Revised edition of: Review of medical microbiology and immunology / Warren Levinson. Fourteenth edition. [2018]
500 ## - GENERAL NOTE
General note EINSTEIN & MMC: available online via AccessMedicine. See Reference staff for assistance.
505 0# - FORMATTED CONTENTS NOTE
Formatted contents note Part I: Basic bacteriology. Bacteria compared with other microorganisms -- Structure of bacterial cells -- Growth -- Genetics -- Classification of medically important bacteria -- The human microbiome -- Pathogenesis -- Host defenses -- Laboratory diagnosis -- Antibacterial drugs: mechanism of action -- Antibacterial drugs: resistance -- Bacterial vaccines -- Sterilization & disinfection -- Part II: Clinical bacteriology. Overview of the major pathogens & introduction to anaerobic bacteria -- Gram-positive cocci -- Gram-negative cocci -- Gram-positive rods -- Gram-negative rods related to the enteric tract -- Gram-negative rods related to the respiratory tract -- Gram-negative rods related to animal sources (zoonotic organisms) -- Mycobacteria -- Actinomycetes -- Mycoplasmas -- Spirochetes -- Chlamydiae -- Rickettsiae -- Minor bacterial pathogens -- Part III: Basic virology. Introduction -- Structure -- Replication -- Genetics & gene therapy -- Classification of medically important viruses -- Pathogenesis -- Host defenses -- Laboratory diagnosis -- Antiviral drugs -- Viral vaccines -- Part IV: Clinical virology. Introduction -- Herpesviruses, poxviruses, & human papilloma virus -- Respiratory viruses -- Important childhood viruses -- Viruses that infect the enteric tract -- Hepatitis viruses -- Arboviruses, rabies virus, & Ebola virus -- Tumor viruses -- Slow viruses & prions -- Human immunodeficiency virus -- Minor viral pathogens -- Part V: Mycology. Basic mycology -- Cutaneous & subcutaneous mycoses -- Systemic mycoses -- Opportunistic mycoses -- Part VI: Parasitology. Introduction -- Intestinal & urogenital: protozoa -- Blood & tissue protozoa -- Minor protozoan pathogens -- Cestodes -- Trematodes -- Nematodes -- Part VII: Immunology. Overview of immunity -- Innate immunity -- Adaptive immunity: lymphocyte antigen receptors -- Adaptive immunity: T-cell-mediated immunity -- Adaptive immunity: B cells & antibodies -- Major histocompatibility complex & transplantation -- Complement -- Antigen-antibody reactions in the laboratory -- Hypersensitivity (allergy) -- Tolerance & autoimmune disease -- Tumor immunity -- Immunodeficiency -- Part VIII: Ectoparasites. Ectoparasites that cause human disease -- Part IX: Infectious diseases. Bone & joint infections -- Cardiac infections -- Central nervous system infections -- Gastrointestinal tract infections -- Pelvic infections -- Upper respiratory tract infections -- Lower respiratory tract infections -- Infections of the skin & skin structures -- Urinary tract infections -- Sepsis & septic shock -- Eye infections -- Part X: Brief summaries of medically important organisms -- Part XI: Clinical cases -- Part XII: Pearls for the USMLE.
588 ## - SOURCE OF DESCRIPTION NOTE
Source of description note Description based on online resource; title from electronic title page (AccessMedicine, viewed April 6, 2020).
590 ## - LOCAL NOTE (RLIN)
Local note Order 17th ed. in print if requested per rgh.
650 #2 - SUBJECT ADDED ENTRY--TOPICAL TERM
Topical term or geographic name entry element Microbiology
Form subdivision Examination Questions.
650 #2 - SUBJECT ADDED ENTRY--TOPICAL TERM
Topical term or geographic name entry element Microbiology
Form subdivision Outlines.
650 #2 - SUBJECT ADDED ENTRY--TOPICAL TERM
Topical term or geographic name entry element Allergy and Immunology
Form subdivision Examination Questions.
650 #2 - SUBJECT ADDED ENTRY--TOPICAL TERM
Topical term or geographic name entry element Allergy and Immunology
Form subdivision Outlines.
650 #2 - SUBJECT ADDED ENTRY--TOPICAL TERM
Topical term or geographic name entry element Immunologic Techniques
Form subdivision Examination Questions.
650 #2 - SUBJECT ADDED ENTRY--TOPICAL TERM
Topical term or geographic name entry element Immunologic Techniques
Form subdivision Outlines.
653 ## - INDEX TERM--UNCONTROLLED
Uncontrolled term მიკრობიოლოგია
655 #7 - INDEX TERM--GENRE/FORM
Genre/form data or focus term Electronic books.
700 1# - ADDED ENTRY--PERSONAL NAME
Personal name Levinson, Warren.
700 1# - ADDED ENTRY--PERSONAL NAME
Personal name Chin-Hong, Peter.
700 1# - ADDED ENTRY--PERSONAL NAME
Personal name Joyce, Elizabeth A.
700 1# - ADDED ENTRY--PERSONAL NAME
Personal name Nussbaum, Jesse.
700 1# - ADDED ENTRY--PERSONAL NAME
Personal name Schwartz, Brian S.
710 2# - ADDED ENTRY--CORPORATE NAME
Corporate name or jurisdiction name as entry element AccessMedicine (Online Service)
856 40 - ELECTRONIC LOCATION AND ACCESS
Materials specified AccessMedicine
Uniform Resource Identifier <a href="https://elibrary.einsteinmed.org/login?url=https://accessmedicine.mhmedical.com/qa.aspx?resourceid=2872">https://elibrary.einsteinmed.org/login?url=https://accessmedicine.mhmedical.com/qa.aspx?resourceid=2872</a>
Public note EINSTEIN: AccessMedicine ebook collection - Review questions
856 40 - ELECTRONIC LOCATION AND ACCESS
Materials specified AccessMedicine
Uniform Resource Identifier <a href="https://elibrary.einsteinmed.org/login?url=https://accessmedicine.mhmedical.com/book.aspx?bookid=2867">https://elibrary.einsteinmed.org/login?url=https://accessmedicine.mhmedical.com/book.aspx?bookid=2867</a>
Public note EINSTEIN: AccessMedicine ebook collection
856 41 - ELECTRONIC LOCATION AND ACCESS
Materials specified AccessMedicine
Uniform Resource Identifier <a href="https://accessmedicine.mhmedical.com/book.aspx?bookid=2867">https://accessmedicine.mhmedical.com/book.aspx?bookid=2867</a>
Public note MMC: AccessMedicine ebook collection
856 41 - ELECTRONIC LOCATION AND ACCESS
Materials specified AccessMedicine
Uniform Resource Identifier <a href="https://accessmedicine.mhmedical.com/qa.aspx?resourceid=2872">https://accessmedicine.mhmedical.com/qa.aspx?resourceid=2872</a>
Public note MMC: AccessMedicine ebook collection - Review questions
942 ## - ADDED ENTRY ELEMENTS (KOHA)
Source of classification or shelving scheme
Koha item type Books
Holdings
Withdrawn status Lost status Source of classification or shelving scheme Damaged status Not for loan Permanent location Current location Date acquired Inventory number Total Checkouts Total Renewals Full call number Barcode Date last seen Date last checked out Price effective from Koha item type
          Ken Walker International University Ken Walker International University 11/20/2020 895 11 1 616-093 L-62 895 04/07/2026 04/07/2026 11/20/2020 Books
          Ken Walker International University Ken Walker International University 11/20/2020 911 10 3 616-093 L-62 911 01/23/2026 01/22/2026 11/20/2020 Books

Powered by Koha